| 000 | 00524nam a2200169Ia 4500 | ||
|---|---|---|---|
| 003 | GCL | ||
| 008 | 140319s9999 xx 000 0 eng d | ||
| 040 |
_aGCL / _cGCL |
||
| 082 | 0 | 4 |
_a901 _bG T |
| 100 | 1 | _aGUNTHER, HORST | |
| 245 | 1 | 0 |
_aLE TEMPS DE L'HISTOIRE: EXPERIENCE DU MONDE ET CATEGORIES TEMPORELLES EN PHILOSOPHIE ET L'HISTORIE / _cGUNTHER, HORST |
| 260 |
_a[S.N] : _bEDITIONS MAISON DES SCIENCE DE L'HOMME ، _c1993 |
||
| 300 | _a256 P | ||
| 650 | 0 | 4 | _aHISTORY |
| 650 | 0 | 4 | _aHISTORY - PHILOSOPHY |
| 942 |
_2ddc _cBK |
||
| 999 |
_c16177 _d16177 |
||